Radio frequency integrated circuit design (Record no. 588258)
[ view plain ]
| 000 -LEADER | |
|---|---|
| fixed length control field | 00755cam a2200217 a 4500 |
| 020 ## - INTERNATIONAL STANDARD BOOK NUMBER | |
| International Standard Book Number | 9781607839798 |
| 082 ## - DEWEY DECIMAL CLASSIFICATION NUMBER | |
| Classification number | 621.381 |
| 100 1# - MAIN ENTRY--PERSONAL NAME | |
| Personal name | Rogers, John |
| 245 10 - TITLE STATEMENT | |
| Title | Radio frequency integrated circuit design |
| Statement of responsibility, etc. | John Rogers, Calvin Plett. |
| 250 ## - EDITION STATEMENT | |
| Edition statement | 2nd ed. |
| 260 ## - PUBLICATION, DISTRIBUTION, ETC. | |
| Place of publication, distribution, etc. | Boston : |
| Name of publisher, distributor, etc. | Artech House, |
| Date of publication, distribution, etc. | c2010. |
| 300 ## - PHYSICAL DESCRIPTION | |
| Extent | xix, 513 p. : |
| Other physical details | ill. ; |
| Dimensions | 24 cm. |
| 504 ## - BIBLIOGRAPHY, ETC. NOTE | |
| Bibliography, etc. note | Includes bibliographical references and index. |
| 650 #0 - SUBJECT ADDED ENTRY--TOPICAL TERM | |
| Topical term or geographic name entry element | Radio frequency integrated circuits |
| 650 #0 - SUBJECT ADDED ENTRY--TOPICAL TERM | |
| Topical term or geographic name entry element | Very high speed integrated circuits. |
| 700 1# - ADDED ENTRY--PERSONAL NAME | |
| Personal name | Plett, Calvin. |
| 942 ## - ADDED ENTRY ELEMENTS (KOHA) | |
| Source of classification or shelving scheme | |
| Koha item type | Book |
| 650 #0 - SUBJECT ADDED ENTRY--TOPICAL TERM | |
| -- | 89597 |
| 650 #0 - SUBJECT ADDED ENTRY--TOPICAL TERM | |
| -- | 89598 |
| 700 1# - ADDED ENTRY--PERSONAL NAME | |
| -- | 89599 |
| Withdrawn status | Lost status | Source of classification or shelving scheme | Damaged status | Not for loan | Permanent Location | Current Location | Date acquired | Total Checkouts | Full call number | Barcode | Date last seen | Price effective from | Koha item type |
|---|---|---|---|---|---|---|---|---|---|---|---|---|---|
| Central Library (CL) | Central Library (CL) | 02/25/2022 | 621.381 ROG | CL-962 | 02/25/2022 | 02/25/2022 | Book |
